Минерально-вещественный состав пылеаэрозолей на территории г. Томска; Минералогия техногенеза - 2011

Bibliographic Details
Parent link:Минералогия техногенеза - 2011.— 2011.— С. 79-93, 334
Main Author: Таловская А. В. Анна Валерьевна
Other Authors: Язиков Е. Г. Егор Григорьевич
Summary:Приведены результаты изучения минерально-вещественного состава пылеаэрозолей на территории г. Томска в зимний период 2007 г. Для изучения пылевых атмосферных выпадений проводили отбор проб снега. При изучении минерально-вещественного состава проб твердого осадка снега использовались шлиховой и рентгенофазовый анализы, электронная микроскопия, импульсная катодная люминесценция. По результатам изучения в пробах было определено содержание и соотношение природных минеральных образований (кварц, полевые шпаты, амфиболы, слюда), биогенных частиц и техногенных образований (шлак, зола-уноса, Al-Si микросферулы, металлические микросферулы, сажа, угольные частицы и др.). Построены карты распределения содержания техногенных компонентов в пылеаэрозолях и выделены загрязненные участки территории города для определения источников их поступления
В фонде НТБ ТПУ отсутствует
Language:Russian
Published: 2011
Subjects:
Format: Book Chapter
KOHA link:https://koha.lib.tpu.ru/cgi-bin/koha/opac-detail.pl?biblionumber=598748

MARC

LEADER 00000naa0a2200000 4500
001 598748
005 20250331092845.0
035 |a (RuTPU)RU\TPU\tpu\22527 
035 |a RU\TPU\tpu\22458 
090 |a 598748 
100 |a 20130123d2011 k y0rusy50 ca 
101 0 |a rus 
102 |a RU 
200 1 |a Минерально-вещественный состав пылеаэрозолей на территории г. Томска  |f А. В. Таловская, Е. Г. Язиков 
320 |a Библиогр.: 21 назв. 
330 |a Приведены результаты изучения минерально-вещественного состава пылеаэрозолей на территории г. Томска в зимний период 2007 г. Для изучения пылевых атмосферных выпадений проводили отбор проб снега. При изучении минерально-вещественного состава проб твердого осадка снега использовались шлиховой и рентгенофазовый анализы, электронная микроскопия, импульсная катодная люминесценция. По результатам изучения в пробах было определено содержание и соотношение природных минеральных образований (кварц, полевые шпаты, амфиболы, слюда), биогенных частиц и техногенных образований (шлак, зола-уноса, Al-Si микросферулы, металлические микросферулы, сажа, угольные частицы и др.). Построены карты распределения содержания техногенных компонентов в пылеаэрозолях и выделены загрязненные участки территории города для определения источников их поступления 
333 |a В фонде НТБ ТПУ отсутствует 
463 |t Минералогия техногенеза - 2011  |o сборник докладов 12 Научного семинара, Миасс, 23-26 июня, 2011  |v С. 79-93, 334  |d 2011 
610 1 |a труды учёных ТПУ 
700 1 |a Таловская  |b А. В.  |c геохимик  |c профессор Томского политехнического университета, доктор геолого-минералогических наук  |f 1983-  |g Анна Валерьевна  |3 (RuTPU)RU\TPU\pers\26173  |9 11982 
701 1 |a Язиков  |b Е. Г.  |c специалист в области геологии и минералогии  |c профессор Томского политехнического университета, доктор геолого-минералогических наук, заместитель проректора по образовательной и международной деятельности  |f 1955-  |g Егор Григорьевич  |3 (RuTPU)RU\TPU\pers\26057  |9 11896 
801 1 |a RU  |b 63413507  |c 20100225 
801 2 |a RU  |b 63413507  |c 20130123  |g RCR 
942 |c BK